<?xml version="1.0" encoding="UTF-8"?>
<record
    xmlns:xsi="http://www.w3.org/2001/XMLSchema-instance"
    xsi:schemaLocation="http://www.loc.gov/MARC21/slim http://www.loc.gov/standards/marcxml/schema/MARC21slim.xsd"
    xmlns="http://www.loc.gov/MARC21/slim">

  <leader>00998nam a2200253 a 4500</leader>
  <controlfield tag="001">71537</controlfield>
  <controlfield tag="003">BD-RjUL</controlfield>
  <controlfield tag="005">20211209082128.0</controlfield>
  <controlfield tag="008">170504s2012    ii ||||| |||| 00| e ben d</controlfield>
  <datafield tag="020" ind1=" " ind2=" ">
    <subfield code="a">8187624000</subfield>
    <subfield code="c">: IRs. 100.00</subfield>
  </datafield>
  <datafield tag="035" ind1=" " ind2=" ">
    <subfield code="a">(BD-RjUL)71753</subfield>
  </datafield>
  <datafield tag="040" ind1=" " ind2=" ">
    <subfield code="a">BD-RjUL</subfield>
    <subfield code="b">ben</subfield>
    <subfield code="c">BD-RjUL</subfield>
  </datafield>
  <datafield tag="041" ind1=" " ind2=" ">
    <subfield code="a">ben</subfield>
  </datafield>
  <datafield tag="082" ind1=" " ind2=" ">
    <subfield code="2">23</subfield>
    <subfield code="a">891.444</subfield>
    <subfield code="b">SED 2012</subfield>
  </datafield>
  <datafield tag="100" ind1="1" ind2=" ">
    <subfield code="a">&#x9B8;&#x9C7;&#x9A8;, &#x9A4;&#x9BE;&#x9AA;&#x9B8;</subfield>
    <subfield code="9">146052</subfield>
  </datafield>
  <datafield tag="245" ind1="1" ind2="0">
    <subfield code="a">&#x9A6;&#x9CD;&#x9AC;&#x9BF;&#x9A4;&#x9C0;&#x9AF;&#x9BC; &#x985;&#x999;&#x9CD;&#x995; :</subfield>
    <subfield code="b">&#x9AA;&#x9CD;&#x9B0;&#x9A5;&#x9AE; &#x9A6;&#x9C3;&#x9B6;&#x9CD;&#x9AF;&#x9C7;&#x9B0; &#x986;&#x9B2;&#x9CB; /</subfield>
    <subfield code="c">&#x9A4;&#x9BE;&#x9AA;&#x9B8; &#x9B8;&#x9C7;&#x9A8; ; &#x9B8;&#x9AE;&#x9CD;&#x9AA;&#x9BE;&#x9A6;&#x9A8;&#x9BE;, &#x986;&#x9B6;&#x9BF;&#x9B8; &#x997;&#x9CB;&#x9B8;&#x9CD;&#x9AC;&#x9BE;&#x9AE;&#x9C0;</subfield>
  </datafield>
  <datafield tag="250" ind1=" " ind2=" ">
    <subfield code="a">&#x9E8;&#x9AF;&#x9BC; &#x9AA;&#x9CD;&#x9B0;&#x995;&#x9BE;&#x9B6;</subfield>
  </datafield>
  <datafield tag="260" ind1=" " ind2=" ">
    <subfield code="a">&#x995;&#x9B2;&#x9BF;&#x995;&#x9BE;&#x9A4;&#x9BE; :</subfield>
    <subfield code="b">&#x9A8;&#x9BE;&#x99F;&#x9CD;&#x9AF;&#x99A;&#x9BF;&#x9A8;&#x9CD;&#x9A4;&#x9BE;, </subfield>
    <subfield code="c">&#x9E8;&#x9E6;&#x9E7;&#x9E8;</subfield>
  </datafield>
  <datafield tag="300" ind1=" " ind2=" ">
    <subfield code="a">&#x9E7;&#x9E8;&#x9EC; &#x9AA;&#x9C3;. ; </subfield>
    <subfield code="c">&#x9E8;&#x9E7; &#x9B8;&#x9C7;&#x9AE;&#x9BF;.</subfield>
  </datafield>
  <datafield tag="650" ind1=" " ind2=" ">
    <subfield code="a">&#x9AC;&#x9BE;&#x982;&#x9B2;&#x9BE; &#x9AA;&#x9CD;&#x9B0;&#x9AC;&#x9A8;&#x9CD;&#x9A7;</subfield>
    <subfield code="9">146053</subfield>
  </datafield>
  <datafield tag="650" ind1=" " ind2=" ">
    <subfield code="a">Bengali essays</subfield>
    <subfield code="9">146054</subfield>
  </datafield>
  <datafield tag="700" ind1=" " ind2=" ">
    <subfield code="a">&#x997;&#x9CB;&#x9B8;&#x9CD;&#x9AC;&#x9BE;&#x9AE;&#x9C0;, &#x986;&#x9B6;&#x9BF;&#x9B8;, &#x9B8;&#x9AE;&#x9CD;&#x9AA;&#x9BE;&#x9A6;&#x9A8;&#x9BE;</subfield>
    <subfield code="9">211681</subfield>
  </datafield>
  <datafield tag="942" ind1=" " ind2=" ">
    <subfield code="2">ddc</subfield>
    <subfield code="c">BK</subfield>
  </datafield>
  <datafield tag="999" ind1=" " ind2=" ">
    <subfield code="c">71537</subfield>
    <subfield code="d">71537</subfield>
  </datafield>
  <datafield tag="952" ind1=" " ind2=" ">
    <subfield code="0">0</subfield>
    <subfield code="1">0</subfield>
    <subfield code="2">ddc</subfield>
    <subfield code="4">0</subfield>
    <subfield code="7">1</subfield>
    <subfield code="8">NFIC</subfield>
    <subfield code="a">RUCL</subfield>
    <subfield code="b">RUCL</subfield>
    <subfield code="c">Reading</subfield>
    <subfield code="d">2013-04-29</subfield>
    <subfield code="e">Dhaka, space marketing comm.</subfield>
    <subfield code="g">120.00</subfield>
    <subfield code="l">0</subfield>
    <subfield code="o">B 891.444 SED 2012</subfield>
    <subfield code="r">2017-05-04 00:00:00</subfield>
    <subfield code="t">C-1</subfield>
    <subfield code="w">2021-12-09</subfield>
    <subfield code="y">BK</subfield>
  </datafield>
</record>
